| 000 | 01237nam0a22002411 4500 | ||
|---|---|---|---|
| 001 | rc\520088 | ||
| 005 | 20250621115443.0 | ||
| 035 | _a(NLR Aleph) 005759193 | ||
| 090 |
_a4922480 _c4922480 |
||
| 100 | _a20030616d1987 |||y0rusy50 ca | ||
| 101 | 0 | _arus | |
| 102 | _aRU | ||
| 105 | _aa ||||||||| | ||
| 200 | 1 |
_aОпыт совершенствования организации заготовок молока _fГ.М. Пехота, С.В. Донцов, И.Г. Бушуева _gГосагропром СССР, ВНИИ информ. и техн.-экон. исслед. агропром. комплекса, НИИ информ. и техн.-экон. исслед. мясн. и молоч. пром-сти |
|
| 210 |
_aМ. _cАГроНИИТЖИППП _d1987 |
||
| 215 |
_a[1], 32 с. _cил. _d20 |
||
| 225 | 1 |
_aОбзорная информация по информационному обеспечению отраслевых программ и основным направлениям развития отрасли _iСерия "Молочная промышленность" |
|
| 700 | 1 |
_aПехота _bГ.М. |
|
| 801 | 0 |
_aRU _bNLR _gpsbo |
|
| 801 | 1 |
_aRU _bELAR _2rusmarc |
|
| 852 |
_aNLR _j88-4/9106 |
||
| 942 | _cBOOK | ||
| 980 | _aNB | ||